| 000 | 00527nam a2200193 a 4500 | ||
|---|---|---|---|
| 001 | 13268 | ||
| 003 | CO-ViMGA | ||
| 008 | 141112s2004 ck r 000 u spa d | ||
| 020 | _a9586144860 | ||
| 040 |
_aCO-ViMGA _bspa _cCO-ViMGA |
||
| 082 | 0 | 4 | _a520 P837e |
| 100 | 1 |
_aPuerta, German _919454 |
|
| 245 | 1 | 0 | _aEstrellas, planetas y vida en el universo |
| 260 |
_aSantafé de Bogotá : _bPlaneta Colombiana Editorial, _c1995 |
||
| 300 | _a170 | ||
| 650 | 1 | 4 | _aASTRONOMIA |
| 650 | 1 | 4 |
_aORIGEN DE LA TIERRA _919455 |
| 942 |
_2ddc _cBK |
||
| 999 |
_c24016 _d24016 |
||